000 00372nam a22001457a 4500
020 _a978-0-521-69860-3
082 _a030
_bJON/C
100 _aJONES. DANIEL
245 _aCAMBRIDGE ENGLISH PRONOUNCING DICTIONARY
250 _a17TH EDITION
260 _aCAMBRIDGE
_bCAMBRIDGE UNIVERSITY PRESS
_c2006
300 _a573
650 _aDICTIONARY
_zUNITED KINFDOM
942 _cBK
999 _c2148
_d2148